[Event "Top20"]
[Site "?"]
[Date "2000.02.12"]
[Round "6"]
[White "Rea, Laurent"]
[Black "Valentin, Alain"]
[Result "1-0"]
[WhiteElo "1750"]
[BlackElo "1700"]
[PlyCount "99"]

1. d4 Nf6 2. c4 e6 3. Nc3 Bb4 4. Qc2 O-O 5. a3 Bxc3+ 6. Qxc3 Ne4 7. Qc2 f5 8.
Nf3 b6 9. e3 Bb7 10. Be2 d6 11. O-O Nd7 12. Nd2 Qg5 13. Nf3 Qd8 14. Ne1 Qh4 15.
f3 Ng5 16. Bd3 g6 17. Qf2 Qxf2+ 18. Rxf2 a5 19. Bd2 c5 20. Nc2 Rfc8 21. Rc1 Ba6
22. b3 d5 23. Ne1 dxc4 24. bxc4 Nf7 25. g3 Nd6 26. d5 Ne5 27. dxe6 Nxd3 28.
Nxd3 Bxc4 29. Nf4 g5 30. Nh3 h6 31. Be1 Bxe6 32. Rd2 Nc4 33. Rxc4 Bxc4 34. Rd6
b5 35. Rxh6 Kg7 36. Rd6 g4 37. fxg4 fxg4 38. Nf4 b4 39. axb4 axb4 40. Rg6+ Kf7
41. Rxg4 b3 42. Bc3 Rab8 43. Bb2 Ba6 44. Rg7+ Ke8 45. Nd5 Rb7 46. Rg8+ Kf7 47.
Rxc8 Rb5 48. Rc7+ Ke6 49. e4 Rb7 50. Rc6+ 1-0

[Event "Top20"]
[Site "?"]
[Date "2000.02.05"]
[Round "6"]
[White "Bourrat, Nicolas"]
[Black "Bellon, Yves"]
[Result "0-1"]
[WhiteElo "1690"]
[BlackElo "1730"]
[PlyCount "28"]

1. d4 Nf6 2. c4 e6 3. Nc3 c5 4. d5 exd5 5. cxd5 d6 6. Bg5 Be7 7. e4 O-O 8. Nge2
b5 9. Qc2 b4 10. Nd1 Nxe4 11. Bxe7 Qxe7 12. Ne3 Re8 13. Nc4 Nd7 14. f3 Qh4+ 0-1

[Event "Top20"]
[Site "?"]
[Date "2000.02.12"]
[Round "6"]
[White "Petit, Didier"]
[Black "Valjan, Berislav"]
[Result "1-0"]
[WhiteElo "1710"]
[BlackElo "1699"]
[PlyCount "109"]

1. d4 e6 2. Nf3 Nf6 3. g3 d5 4. Bg2 h6 5. Nbd2 Bd6 6. c3 Nbd7 7. O-O c6 8. Qc2
Qc7 9. e4 dxe4 10. Nxe4 Nxe4 11. Qxe4 Nf6 12. Qe2 Bd7 13. Re1 O-O-O 14. Ne5
Bxe5 15. dxe5 Nd5 16. c4 Ne7 17. b4 a6 18. Qb2 Be8 19. Be3 Nf5 20. b5 Nxe3 21.
Rxe3 Qb6 22. Rb1 a5 23. a4 Rd4 24. Qc3 c5 25. Rd3 f6 26. Re3 Bg6 27. Rbe1 Bf7
28. Bh3 f5 29. Qc2 h5 30. Qe2 g6 31. Bg2 Rhd8 32. Rc3 Kb8 33. Qe3 Ka7 34. Qg5
R8d7 35. h3 Qd8 36. Qe3 b6 37. Bc6 Rd3 38. Rxd3 Rxd3 39. Qh6 Qe7 40. h4 Rd4 41.
Qg7 Rd8 42. Rc1 Rd4 43. Qh6 Be8 44. Bxe8 Qxe8 45. Qg7+ Ka8 46. Qc7 Qd8 47. Qc6+
Ka7 48. Qxe6 Rd1+ 49. Rxd1 Qxd1+ 50. Kg2 Qd3 51. Qd5 Qxd5+ 52. cxd5 c4 53. Kf3
c3 54. Ke3 Kb7 55. Kd3 1-0

[Event "Top20"]
[Site "?"]
[Date "2000.03.18"]
[Round "7"]
[White "Poncet, Alain"]
[Black "Tchalimian, Pascal"]
[Result "0-1"]
[WhiteElo "1880"]
[BlackElo "2150"]
[PlyCount "60"]

1. d4 d5 2. Nc3 Bf5 3. e3 e6 4. h4 Nf6 5. f3 h6 6. g4 Bg6 7. Bd3 Bxd3 8. Qxd3
c6 9. Nge2 Nbd7 10. e4 dxe4 11. Nxe4 Be7 12. c4 Nxe4 13. Qxe4 Bxh4+ 14. Kf1 Be7
15. Bf4 Qb6 16. Kg2 Qb4 17. b3 g5 18. Be5 Nxe5 19. Qxe5 O-O-O 20. c5 Rdg8 21.
Rac1 Qa5 22. Nc3 Qc7 23. Qe2 h5 24. Rxh5 Rxh5 25. gxh5 Qf4 26. Rd1 g4 27. Qe4
gxf3+ 28. Kf1 Qg3 29. Qe3 Qg2+ 30. Ke1 Bh4+ 0-1

[Event "Top20"]
[Site "?"]
[Date "2000.03.18"]
[Round "7"]
[White "Ollier, Michel"]
[Black "Graillon, David"]
[Result "0-1"]
[WhiteElo "1880"]
[BlackElo "1820"]
[PlyCount "68"]

1. e4 e5 2. Nf3 d6 3. d4 Nd7 4. Bc4 Be7 5. dxe5 Nxe5 6. Nxe5 dxe5 7. Qh5 Bb4+
8. c3 Qe7 9. cxb4 Nf6 10. Qe2 O-O 11. Bd2 Rd8 12. Bc3 Bg4 13. f3 Nh5 14. O-O
Nf4 15. Qf2 Bh3 16. Qg3 Bxg2 17. Na3 h5 18. Rfd1 h4 19. Qxf4 exf4 20. Kxg2 Rxd1
21. Rxd1 Rd8 22. Rg1 c5 23. bxc5 Qxc5 24. Kh1 g6 25. Rxg6+ Kf8 26. Rg1 Rd6 27.
Bg7+ Ke7 28. e5 Rg6 29. Bf6+ Rxf6 30. exf6+ Kxf6 31. Rd1 Qf2 32. Bd5 h3 33. Rg1
Qxb2 34. Nc4 Qd4 0-1

[Event "Top20"]
[Site "?"]
[Date "2000.03.18"]
[Round "7"]
[White "Boblin, Laurent"]
[Black "Deville, Olivier"]
[Result "0-1"]
[WhiteElo "1810"]
[BlackElo "2040"]
[PlyCount "84"]

1. e4 c5 2. d3 Nc6 3. g3 g6 4. Bg2 Bg7 5. f4 e6 6. Nf3 Nge7 7. O-O O-O 8. c3 d6
9. Be3 b6 10. Bf2 Ba6 11. Re1 Qc7 12. d4 cxd4 13. Nxd4 Na5 14. Qa4 Bb7 15. Nd2
Rfc8 16. Nb5 Qd7 17. Qb4 d5 18. e5 Nf5 19. g4 Bf8 20. Qa4 Nh6 21. h3 a6 22. f5
Qxb5 23. Qc2 Bc5 24. Rf1 Bxf2+ 25. Rxf2 d4 26. Bxb7 Nxb7 27. Qe4 exf5 28. Qxb7
fxg4 29. cxd4 gxh3 30. Raf1 Nf5 31. Qf3 Qxb2 32. Ne4 Qxd4 33. Nf6+ Kg7 34. Qxh3
h6 35. Nh5+ Kh8 36. Nf4 Rc3 37. Qh2 Rg3+ 38. Kh1 Rg4 39. Nxg6+ fxg6 40. Rxf5
Rh4 41. R5f2 Rxh2+ 42. Rxh2 Kg7 0-1

[Event "Top20"]
[Site "?"]
[Date "2000.03.18"]
[Round "7"]
[White "Cursoux, Gerard"]
[Black "Roche, Marius"]
[Result "1-0"]
[WhiteElo "2020"]
[BlackElo "1680"]
[PlyCount "71"]

1. e4 g6 2. c4 Bg7 3. Nc3 e5 4. g3 Nf6 5. Bg2 d6 6. Nge2 Nc6 7. O-O O-O 8. d3
Be6 9. h3 Nd4 10. Nxd4 exd4 11. Ne2 Nd7 12. b4 Qc8 13. Nf4 Rb8 14. Nxe6 fxe6
15. f4 Qe8 16. g4 Qe7 17. Bd2 a6 18. Qb3 Kh8 19. Rae1 c5 20. b5 Qd8 21. Rb1 Qb6
22. Qa4 axb5 23. Rxb5 Ra8 24. Rxb6 Rxa4 25. Rxb7 Rxa2 26. Be1 Rd8 27. Bh4 Bf6
28. Rxd7 Rxd7 29. Bxf6+ Kg8 30. e5 Rd2 31. f5 gxf5 32. gxf5 Rxd3 33. fxe6 Ra7
34. Bd5 Kf8 35. exd6 Rg7+ 36. Bxg7+ 1-0

[Event "Top20"]
[Site "?"]
[Date "2000.03.25"]
[Round "7"]
[White "Bruel, Bruno"]
[Black "Garon, Pierre"]
[Result "1-0"]
[WhiteElo "1750"]
[BlackElo "1960"]
[PlyCount "51"]

1. d4 d5 2. c4 e6 3. Nc3 Nf6 4. Bg5 c6 5. e3 Nbd7 6. Nf3 Qa5 7. Bxf6 Nxf6 8.
Bd3 Bb4 9. Qc2 dxc4 10. Bxc4 O-O 11. O-O b5 12. Bd3 Bb7 13. a3 Bd6 14. b4 Qc7
15. Rac1 Rac8 16. Qe2 Qe7 17. e4 e5 18. dxe5 Bxe5 19. Nxe5 Qxe5 20. Kh1 a6 21.
f4 Qe7 22. e5 Nd7 23. Ne4 c5 24. Nd6 Rc7 25. Nxb7 Rxb7 26. Qe4 1-0

[Event "Top20"]
[Site "?"]
[Date "2000.03.18"]
[Round "7"]
[White "Massard, Christian"]
[Black "Rea, Laurent"]
[Result "1/2-1/2"]
[WhiteElo "1780"]
[BlackElo "1750"]
[PlyCount "63"]

1. Nf3 d5 2. g3 c6 3. Bg2 Bg4 4. d4 Nf6 5. O-O Nbd7 6. Nbd2 e6 7. c4 Be7 8. Re1
Ne4 9. cxd5 cxd5 10. Nxe4 dxe4 11. Nd2 f5 12. Qb3 O-O 13. Qxe6+ Kh8 14. Qb3 Nb6
15. e3 Rc8 16. Nb1 a5 17. Nc3 Bh5 18. Bd2 Bf7 19. Qd1 Bc4 20. Bf1 Bf7 21. Rc1
Nc4 22. b3 Nxd2 23. Qxd2 Bb4 24. Qb2 Qe7 25. Rc2 Ba3 26. Qb1 Qb4 27. Bc4 Bxc4
28. bxc4 Qxc4 29. Ree2 Bb4 30. Nxe4 Qd5 31. Rxc8 Rxc8 32. Nc5 1/2-1/2

[Event "Top20"]
[Site "?"]
[Date "2000.03.18"]
[Round "7"]
[White "Bellon, Yves"]
[Black "Petit, Didier"]
[Result "0-1"]
[WhiteElo "1730"]
[BlackElo "1710"]
[PlyCount "118"]

1. c4 Nf6 2. Nf3 e6 3. Nc3 b6 4. e4 d6 5. d4 Bb7 6. Bd3 Be7 7. O-O c5 8. Be3
O-O 9. h3 Nc6 10. a3 cxd4 11. Nxd4 Ne5 12. f3 Nxd3 13. Qxd3 d5 14. cxd5 exd5
15. e5 Ne8 16. e6 Nc7 17. exf7+ Rxf7 18. Rad1 Bf6 19. Rd2 Qe8 20. Re1 Ba6 21.
Qb1 Qd7 22. b4 Bc4 23. b5 Ne6 24. Nce2 Nxd4 25. Nxd4 Bxd4 26. Rxd4 Bxb5 27.
Red1 Bc6 28. Rh4 h6 29. Rg4 Qe6 30. Bd4 Re8 31. Rg6 Qd7 32. Qc1 Ba4 33. Re1
Rxe1+ 34. Qxe1 Bc2 35. Rg4 Bf5 36. Rh4 Qe6 37. Qg3 Qg6 38. Kh2 Qxg3+ 39. Kxg3
Kh7 40. Rf4 g5 41. Rxf5 Rxf5 42. Kf2 Kg6 43. g3 Rf7 44. Ke2 Kf5 45. Kd3 Rc7 46.
Bb2 Ke6 47. Bc3 a6 48. Bb2 b5 49. Bc3 Rc4 50. Bg7 h5 51. Bh6 Kf5 52. Bf8 a5 53.
Be7 b4 54. axb4 axb4 55. Bd6 Ke6 56. Bf8 Rc3+ 57. Ke2 b3 58. Bg7 b2 59. Bxc3
b1=Q 0-1

[Event "Top20"]
[Site "?"]
[Date "2000.03.18"]
[Round "7"]
[White "Valjan, Berislav"]
[Black "Valentin, Alain"]
[Result "0-1"]
[WhiteElo "1699"]
[BlackElo "1700"]
[PlyCount "82"]

1. c4 Nf6 2. d4 e6 3. Nc3 Bb4 4. Bd2 b6 5. Nf3 Bb7 6. a3 Bxc3 7. Bxc3 Ne4 8. e3
O-O 9. Be2 d6 10. Rc1 Nd7 11. Nd2 Nxc3 12. Rxc3 Bxg2 13. Rg1 Bb7 14. Bf3 Bxf3
15. Qxf3 f5 16. Rc1 e5 17. d5 Nc5 18. Ke2 Qf6 19. e4 fxe4 20. Qxf6 Rxf6 21. b4
Nd3 22. Rcf1 Nf4+ 23. Ke3 Raf8 24. Nxe4 Rh6 25. c5 Nxd5+ 26. Kd2 Rf4 27. Kd3
Rh3+ 28. Rg3 Rxg3+ 29. hxg3 Rf3+ 30. Kd2 Rxa3 31. cxd6 cxd6 32. b5 Nb4 33. f4
d5 34. Nc3 d4 35. Ne2 Ra2+ 36. Kd1 Ra1+ 37. Nc1 exf4 38. gxf4 Nd3 39. Kd2 Nxc1
40. Rxc1 Rxc1 41. Kxc1 h5 0-1

[Event "Top20"]
[Site "?"]
[Date "2000.04.08"]
[Round "8"]
[White "Tchalimian, Pascal"]
[Black "Cursoux, Gerard"]
[Result "1/2-1/2"]
[WhiteElo "2150"]
[BlackElo "2020"]
[PlyCount "77"]

1. b3 c5 2. Bb2 d5 3. e3 Nc6 4. Bb5 a6 5. Bxc6+ bxc6 6. d3 Nf6 7. Nd2 Bg4 8.
Ne2 Qc7 9. f3 Bd7 10. f4 Ng4 11. Nf1 f6 12. h3 Nh6 13. Nfg3 e5 14. fxe5 fxe5
15. e4 Be7 16. O-O O-O-O 17. Qe1 Rhf8 18. Qc3 d4 19. Qc4 Qa5 20. a3 Qb5 21. Bc1
Qxc4 22. bxc4 Rxf1+ 23. Nxf1 Nf7 24. Nd2 g5 25. Nb3 g4 26. h4 Rf8 27. g3 Nd8
28. Bh6 Rg8 29. Rf1 Be6 30. Na5 Kd7 31. Rb1 Kc7 32. a4 Bc8 33. Bc1 Rf8 34. Ba3
Rf3 35. Kg2 Ne6 36. Rf1 Rxf1 37. Kxf1 Kd6 38. Nb3 Kd7 39. Kf2 1/2-1/2

[Event "Top20"]
[Site "?"]
[Date "2000.04.08"]
[Round "8"]
[White "Cizeron, Frederic"]
[Black "Cursoux, Laurent"]
[Result "0-1"]
[WhiteElo "1940"]
[BlackElo "2211"]
[PlyCount "72"]

1. Nf3 Nf6 2. d4 g6 3. c4 c5 4. d5 b5 5. cxb5 a6 6. e3 d6 7. bxa6 Bg7 8. Bb5+
Bd7 9. Bc4 Nxa6 10. Nc3 O-O 11. h3 Bf5 12. Bxa6 Rxa6 13. Qe2 Ra8 14. O-O Qb6
15. e4 Bc8 16. Re1 Ba6 17. Qc2 Rfb8 18. e5 dxe5 19. Nxe5 Bb7 20. Bg5 Nxd5 21.
Nd7 Nb4 22. Nxb6 Nxc2 23. Nxa8 Bxa8 24. Na4 Bd4 25. Bxe7 Nxe1 26. Rxe1 Re8 27.
Nb6 Bc6 28. Kh2 Bxf2 29. Rf1 Bd4 30. Bf6 Re2 31. Bxd4 Rxg2+ 32. Kh1 Rxb2+ 33.
Kg1 Rg2+ 34. Kh1 Rxa2+ 35. Kg1 Rg2+ 36. Kh1 cxd4 0-1

[Event "Top20"]
[Site "?"]
[Date "2000.04.08"]
[Round "8"]
[White "Deville, Olivier"]
[Black "Ollier, Michel"]
[Result "0-1"]
[WhiteElo "2040"]
[BlackElo "1880"]
[PlyCount "82"]

1. Nf3 Nf6 2. g3 g6 3. Bg2 Bg7 4. O-O O-O 5. d4 d6 6. c4 c6 7. Nc3 Qc7 8. e4 e5
9. h3 Re8 10. Be3 Nbd7 11. Qd2 Nf8 12. Rad1 Bd7 13. b4 a5 14. b5 cxb5 15. Nxb5
Bxb5 16. cxb5 Nxe4 17. Qb2 Nf6 18. b6 Qe7 19. Rc1 Nd5 20. Bg5 f6 21. Bd2 Nd7
22. Nxe5 N7xb6 23. Ng4 Kh8 24. Qb5 Qe2 25. Qxe2 Rxe2 26. Rfd1 f5 27. Bf3 Rxd2
28. Rxd2 fxg4 29. Bxg4 h5 30. Be2 Bh6 31. f4 h4 32. Rb1 hxg3 33. Rdb2 Bg7 34.
Rd2 Nc3 35. Rxb6 Nxe2+ 36. Kg2 Nxd4 37. Rxb7 Nf5 38. Rd7 Rc8 39. Ra7 Rc3 40.
Re2 Nh4+ 41. Kf1 Rc1+ 0-1

[Event "Top20"]
[Site "?"]
[Date "2000.04.15"]
[Round "8"]
[White "Graillon, David"]
[Black "Bruel, Bruno"]
[Result "1-0"]
[WhiteElo "1820"]
[BlackElo "1750"]
[PlyCount "83"]

1. d4 d5 2. Nf3 Nf6 3. c4 c6 4. Nc3 dxc4 5. a4 Bf5 6. Ne5 e6 7. f3 c5 8. e4 Bg6
9. Bxc4 cxd4 10. Nb5 Bc5 11. Bf4 Na6 12. Nd3 Be7 13. b4 O-O 14. Qb3 Nxe4 15.
fxe4 Bxe4 16. O-O Bxd3 17. Bxd3 Nxb4 18. Be4 Nc6 19. Qh3 f5 20. Bxc6 bxc6 21.
Nc7 Qd7 22. Nxa8 Rxa8 23. Qb3 Bf6 24. Rad1 Rc8 25. Rfe1 Kf7 26. Qc4 c5 27. Rb1
Rc6 28. Be5 Bg5 29. Rf1 g6 30. Rb8 Bf6 31. Bxf6 Kxf6 32. g4 Qd6 33. Rb7 Rc7 34.
Rxc7 Qxc7 35. Re1 Qd6 36. g5+ Ke7 37. Rb1 Qc7 38. Qa6 Kd8 39. Qxe6 d3 40. Qg8+
Kd7 41. Qd5+ Kc8 42. Qa8+ 1-0

[Event "Top20"]
[Site "?"]
[Date "2000.04.08"]
[Round "8"]
[White "Carrot, Patrick"]
[Black "Poncet, Alain"]
[Result "1/2-1/2"]
[WhiteElo "1820"]
[BlackElo "1880"]
[PlyCount "45"]

1. e4 e5 2. Nf3 Nc6 3. Bb5 Nd4 4. Nxd4 exd4 5. c3 Qg5 6. Bf1 d3 7. Qf3 Bc5 8.
Bxd3 Nf6 9. Bc4 O-O 10. O-O Qh4 11. d4 d5 12. Bxd5 Nxd5 13. dxc5 Nf6 14. Qf4
Qxf4 15. Bxf4 Nxe4 16. Bxc7 Bf5 17. f3 Nxc5 18. Bd6 Rfc8 19. Re1 Nd3 20. Re7
Re8 21. Na3 Rxe7 22. Bxe7 Re8 23. Bd6 1/2-1/2

[Event "Top20"]
[Site "?"]
[Date "2000.04.08"]
[Round "8"]
[White "Petit, Didier"]
[Black "Boblin, Laurent"]
[Result "0-1"]
[WhiteElo "1710"]
[BlackElo "1810"]
[PlyCount "100"]

1. e4 c6 2. d4 d5 3. exd5 Qxd5 4. Nf3 Bg4 5. Be2 e6 6. O-O Nf6 7. c4 Qa5 8. h3
Bxf3 9. Bxf3 Bd6 10. Nc3 O-O 11. a3 Nbd7 12. Be3 Rac8 13. b4 Qd8 14. Rc1 Bb8
15. g3 Nb6 16. Qb3 h6 17. Rfd1 Qe7 18. Ne4 Nbd7 19. Nxf6+ Nxf6 20. Re1 Rfd8 21.
Qc2 a6 22. Qa4 Ba7 23. c5 Bb8 24. Qb3 Nd5 25. Rcd1 Qf6 26. Bg2 Rd7 27. Bxd5
Rxd5 28. Re2 Qf3 29. Rde1 Rxd4 30. Qb2 Rd5 31. Kh2 Rcd8 32. Qc1 Rh5 33. Rd2
Bxg3+ 34. fxg3 Rxd2+ 35. Qxd2 Rd5 36. Qc1 Rd3 37. h4 e5 38. a4 Kf8 39. Kh3 f5
40. Kh2 f4 41. gxf4 exf4 42. Rf1 Qg3+ 43. Kh1 Qxh4+ 44. Kg1 Qg3+ 45. Kh1 Qh3+
46. Kg1 Qxe3+ 47. Qxe3 Rxe3 48. Rxf4+ Ke7 49. Kf2 Re6 50. Kf3 Rf6 0-1

[Event "Top20"]
[Site "?"]
[Date "2000.04.08"]
[Round "8"]
[White "Valentin, Alain"]
[Black "Massard, Christian"]
[Result "1-0"]
[WhiteElo "1700"]
[BlackElo "1780"]
[PlyCount "57"]

1. d4 g6 2. c4 Bg7 3. Nc3 d6 4. e4 Nf6 5. Be2 O-O 6. Bg5 h6 7. Be3 e5 8. d5 c6
9. Qd2 Kh7 10. O-O-O cxd5 11. cxd5 a6 12. Kb1 b5 13. f3 Nbd7 14. h4 Nh5 15. Rh3
Nb6 16. g4 Nf4 17. Bxf4 exf4 18. Rc1 Be5 19. Rh2 Kg7 20. Bd3 f6 21. Nge2 g5 22.
hxg5 fxg5 23. Rch1 Rh8 24. Nc1 Bd7 25. Nb3 b4 26. Ne2 a5 27. Nbd4 Rc8 28. Bb5
Bxb5 29. Ne6+ 1-0

[Event "Top20"]
[Site "?"]
[Date "2000.04.15"]
[Round "8"]
[White "Roche, Marius"]
[Black "Rea, Laurent"]
[Result "1/2-1/2"]
[WhiteElo "1680"]
[BlackElo "1750"]
[PlyCount "60"]

1. d4 Nf6 2. g3 d5 3. Bg2 c6 4. Nf3 Nbd7 5. O-O e6 6. c4 Be7 7. cxd5 cxd5 8.
Nc3 a6 9. Bg5 O-O 10. Re1 b5 11. a3 Bb7 12. Qd3 Nb6 13. Ne5 Ne8 14. Bxe7 Qxe7
15. e4 dxe4 16. Bxe4 Bxe4 17. Qxe4 Rc8 18. Qd3 Qb7 19. Ne4 Nd7 20. Rac1 Rd8 21.
Nc6 Ra8 22. f4 Ndf6 23. Rc2 Nxe4 24. Qxe4 Nf6 25. Qg2 Nd5 26. Qd2 Rac8 27. Rec1
Rc7 28. Ne5 Rfc8 29. Rxc7 Rxc7 30. Rxc7 Qxc7 1/2-1/2

[Event "Top20"]
[Site "?"]
[Date "2000.04.08"]
[Round "8"]
[White "Valjan, Berislav"]
[Black "Bellon, Yves"]
[Result "1/2-1/2"]
[WhiteElo "1699"]
[BlackElo "1730"]
[PlyCount "81"]

1. d4 Nf6 2. Bf4 e6 3. e3 b6 4. Nf3 Bb7 5. h3 c5 6. c3 Be7 7. Be2 O-O 8. Nbd2
d5 9. O-O Nc6 10. a3 Re8 11. Ne5 Nd7 12. Bb5 Ncxe5 13. dxe5 a6 14. Bxd7 Qxd7
15. Nf3 Rad8 16. Qb3 Qc6 17. Rad1 f6 18. Qc2 Rf8 19. Ne1 fxe5 20. Bxe5 Rf5 21.
f4 Rdf8 22. Nf3 R5f7 23. Qe2 h6 24. Rf2 a5 25. Qd3 b5 26. Qg6 Bf6 27. h4 Qb6
28. Bxf6 Rxf6 29. Qc2 Qc7 30. Ne5 Bc6 31. g4 Be8 32. Rdf1 Qd6 33. Rh2 Qc7 34.
Rff2 Qe7 35. Rfg2 Qc7 36. g5 Qxe5 37. gxf6 Qxe3+ 38. Qf2 Qc1+ 39. Qf1 Qe3+ 40.
Qf2 Qc1+ 41. Qf1 1/2-1/2

[Event "Top20"]
[Site "?"]
[Date "2000.05.20"]
[Round "9"]
[White "Cursoux, Laurent"]
[Black "Graillon, David"]
[Result "1-0"]
[WhiteElo "2211"]
[BlackElo "1940"]
[PlyCount "29"]

1. e4 d6 2. d4 Nf6 3. Nc3 Nbd7 4. Nf3 e5 5. Bc4 Be7 6. Ng5 O-O 7. Bxf7+ Rxf7 8.
Ne6 Qe8 9. Nxc7 Qf8 10. Ne6 Qe8 11. Nc7 Qf8 12. Nxa8 Ng4 13. Qxg4 Nf6 14. Qe2
Bg4 15. Qc4 1-0

[Event "Top20"]
[Site "?"]
[Date "2000.05.20"]
[Round "9"]
[White "Garon, Pierre"]
[Black "Tchalimian, Pascal"]
[Result "1/2-1/2"]
[WhiteElo "1930"]
[BlackElo "2240"]
[PlyCount "96"]

1. c4 Nf6 2. Nc3 e6 3. d4 Bb4 4. Qc2 c5 5. dxc5 Qa5 6. Bd2 Qxc5 7. e3 d5 8. a3
Bxc3 9. Bxc3 Nbd7 10. Nf3 dxc4 11. Bb4 Qc7 12. Nd4 a6 13. Qxc4 Qxc4 14. Bxc4
Nb6 15. Be2 Nbd5 16. Bd2 e5 17. Nf3 e4 18. Nd4 O-O 19. O-O Bd7 20. Rac1 Rfc8
21. Rxc8+ Rxc8 22. Rc1 Rd8 23. Rc5 Rc8 24. Rxc8+ Bxc8 25. f3 Kf8 26. Kf2 Ke8
27. Bd1 h6 28. Bc2 exf3 29. gxf3 Ne7 30. Ke2 Bd7 31. Kd3 Nc6 32. Nxc6 Bxc6 33.
e4 Nd7 34. Kd4 f5 35. Bb3 fxe4 36. fxe4 Nf6 37. e5 Ng4 38. h3 Nf2 39. h4 Ng4
40. Bd1 Nh2 41. Bh5+ Kd7 42. Bf4 Nf3+ 43. Bxf3 Bxf3 44. Kc5 Ke6 45. Bg3 Bc6 46.
b4 Bf3 47. Kd4 Kf5 48. Kc5 Ke6 1/2-1/2

[Event "Top20"]
[Site "?"]
[Date "2000.05.20"]
[Round "9"]
[White "Ollier, Michel"]
[Black "Cursoux, Gerard"]
[Result "0-1"]
[WhiteElo "1910"]
[BlackElo "2050"]
[PlyCount "72"]

1. e4 d6 2. d4 Nf6 3. Nc3 g6 4. Be3 Bg7 5. Qd2 Nc6 6. f3 a6 7. a4 O-O 8. Bc4 e5
9. Nge2 exd4 10. Nxd4 Na5 11. Ba2 c5 12. Nde2 Be6 13. Bxe6 fxe6 14. b3 Qb6 15.
O-O Rad8 16. Nf4 Rfe8 17. Rad1 Qc7 18. Qf2 Nc6 19. Nce2 b5 20. axb5 axb5 21. g4
Ra8 22. Kh1 g5 23. Nd3 Ra2 24. Nec1 Ra3 25. Bxg5 c4 26. Ne1 d5 27. Bxf6 Bxf6
28. exd5 exd5 29. Qc5 Ra1 30. Qxd5+ Kh8 31. Ng2 Bb2 32. Qxb5 cxb3 33. Nxb3 Ra7
34. Nh4 Rb7 35. Qh5 Re2 36. Rde1 Qxh2# 0-1

[Event "Top20"]
[Site "?"]
[Date "2000.05.20"]
[Round "9"]
[White "Poncet, Alain"]
[Black "Deville, Olivier"]
[Result "1/2-1/2"]
[WhiteElo "1870"]
[BlackElo "2010"]
[PlyCount "43"]

1. d4 d5 2. c4 c6 3. Nc3 e6 4. e3 f5 5. Nf3 Bd6 6. Rb1 Nf6 7. Be2 O-O 8. O-O
Ne4 9. Ne5 Nd7 10. f4 Nxe5 11. fxe5 Be7 12. Nxe4 fxe4 13. Bd2 Bd7 14. b4 b5 15.
c5 Rxf1+ 16. Bxf1 Qf8 17. a4 a6 18. axb5 axb5 19. Ra1 Qb8 20. Ra5 Bd8 21. Ra1
Ra7 22. Rxa7 1/2-1/2

[Event "Top20"]
[Site "?"]
[Date "2000.05.20"]
[Round "9"]
[White "Cizeron, Frederic"]
[Black "Bruel, Bruno"]
[Result "1-0"]
[WhiteElo "1980"]
[BlackElo "1810"]
[PlyCount "57"]

1. Nf3 Nf6 2. d4 g6 3. c4 Bg7 4. Nc3 O-O 5. e4 d6 6. Be2 e5 7. dxe5 dxe5 8.
Qxd8 Rxd8 9. Bg5 Re8 10. O-O c6 11. Rfd1 Na6 12. Nd2 Nc5 13. Be3 Ne6 14. f3 Nd4
15. Rac1 Nh5 16. Nb3 Rd8 17. Rd2 Nf4 18. Nxd4 exd4 19. Bxf4 Be6 20. Nd1 c5 21.
Bd3 b6 22. Nf2 h5 23. e5 f6 24. exf6 Bxf6 25. Ne4 Bg7 26. Re2 Bf7 27. Rce1 Rf8
28. Bg5 a5 29. Nd6 1-0

[Event "Top20"]
[Site "?"]
[Date "2000.05.20"]
[Round "9"]
[White "Boblin, Laurent"]
[Black "Valentin, Alain"]
[Result "0-1"]
[WhiteElo "1940"]
[BlackElo "1770"]
[PlyCount "80"]

1. e4 e6 2. d4 d5 3. Nd2 Nf6 4. e5 Nfd7 5. Bd3 c5 6. c3 Nc6 7. Ne2 cxd4 8. cxd4
f6 9. exf6 Nxf6 10. O-O Bd6 11. Nf3 Qc7 12. Nc3 a6 13. Re1 O-O 14. Bg5 Bd7 15.
Rc1 Rae8 16. Bxf6 Rxf6 17. Ne5 Ref8 18. f4 Be8 19. g3 Qb6 20. Nxc6 bxc6 21. Be2
e5 22. Na4 Qa7 23. fxe5 Bxe5 24. Nc5 Bd6 25. Qb3 Bxc5 26. dxc5 Rf2 27. Qe3 Bg6
28. Qe6+ Kh8 29. Rf1 Rxf1+ 30. Bxf1 Qb7 31. Qd6 Qf7 32. Bg2 Qf2+ 33. Kh1 Be4
34. Bxe4 dxe4 35. Rd1 Qf3+ 36. Kg1 Qf2+ 37. Kh1 e3 38. Ra1 e2 39. Qe7 Qf1+ 40.
Rxf1 exf1=Q# 0-1

[Event "Top20"]
[Site "?"]
[Date "2000.05.20"]
[Round "9"]
[White "Rea, Laurent"]
[Black "Carrot, Patrick"]
[Result "1-0"]
[WhiteElo "1740"]
[BlackElo "1760"]
[PlyCount "65"]

1. d4 Nf6 2. c4 e6 3. Nc3 Bb4 4. Qc2 O-O 5. a3 Be7 6. e4 d6 7. Bd3 e5 8. d5
Nbd7 9. b4 a5 10. Bb2 c6 11. Nge2 axb4 12. axb4 Rxa1+ 13. Bxa1 Qb6 14. Qb1 Ng4
15. O-O Bh4 16. Nd1 f5 17. g3 Bg5 18. Kg2 f4 19. f3 Ne3+ 20. Nxe3 Qxe3 21. Qc2
c5 22. b5 fxg3 23. hxg3 Qd2 24. Qxd2 Bxd2 25. f4 exf4 26. gxf4 Re8 27. Ng3 Nf6
28. e5 dxe5 29. fxe5 Ng4 30. Rh1 Nxe5 31. Bxh7+ Kf8 32. Rf1+ Ke7 33. Bxe5 1-0

[Event "Top20"]
[Site "?"]
[Date "2000.05.13"]
[Round "9"]
[White "Bellon, Yves"]
[Black "Roche, Marius"]
[Result "1-0"]
[WhiteElo "1710"]
[BlackElo "1660"]
[PlyCount "67"]

1. c4 e5 2. Nc3 Nf6 3. Nf3 Nc6 4. d4 exd4 5. Nxd4 Ne5 6. e4 Bb4 7. f3 Bxc3+ 8.
bxc3 Nxe4 9. Bf4 Ng6 10. Bxc7 Qxc7 11. fxe4 O-O 12. Bd3 Qf4 13. g3 Qe5 14. Qd2
d6 15. O-O-O Bg4 16. Rde1 Qc5 17. h3 Bd7 18. Qb2 Ne5 19. Kc2 Ba4+ 20. Kd2 Nxc4+
21. Bxc4 Qxc4 22. Rhf1 Rac8 23. Rf4 b5 24. e5 Qd5 25. exd6 Qxd6 26. Re3 b4 27.
Qxb4 Qa6 28. Nf5 Rcd8+ 29. Rd4 Bb5 30. a3 Rxd4+ 31. Qxd4 f6 32. Re7 Qc6 33.
Rxg7+ Kh8 34. Rxh7+ 1-0